zgadnij o jakim piłkarzu myślę - Statystyki

Ogólne statystyki
  • Ten quiz został rozwiązany 21 razy
  • Średni wynik to 1 z 5
Statystyki odpowiedzi
wkazówka 1 wskazówka 2 wskazówka 3 piłkarz % Poprawnych
polska(narodowość) numer 1 bramkarz JuveNtusu wojciech szczęsny
71%
hiszpania(narodowość) numer 16 jeden z najlepszych pomocników obecnie rodri
29%
angola(narodowość numer 10 gra w jagielloni białystok afimico pululu
24%
argentyna(narodowość) numer 10 prawy skrzydłowy leo messi
12%
portugalia(narodowość) numer 7 najlepszy strzelec wszechczasów cristiano ronaldo doscsantos aveiro
6%
Nie znaleziono quizów pasujących do podanych kryteriów
Rozkład punktacji
Procent ludzi z każdym wynikiem
Percentyl według liczby udzielonych odpowiedzi
Twoja historia wyników
Nie rozwiązałeś tego quizu